LEADER 01169nam a2200277 i 4500 001 000000192660 003 CaOOAMICUS 005 20150713000000.0 008 150713s1952 it u000 u ita u 013 $a171284 040 $aSeMil$bita 245 10$aAu seuil du christianisme :$bPlaton, s. Augustin, Pascal, Newman, Blondel. 260 $aBruxelles :$bLumen Vitae,$c1952. 260 $aParis :$bÉditions Universitaires,$c1952. 300 $aXVI, 153 p. ;$c23 cm. 490 0 $aCahiers de Lumen Vitae ;$v4 500 $aFondo card. Giovanni Colombo. 650 4$aCristianesimo - Saggi.$0(OLS)http://semarc/subject/11427 830 0$aCahiers de Lumen Vitae ;$v4.$0(OLS)http://semarc/title/934 850 $aSeMil 852 $aSeMil$W1$xVenegono$y1$m3GC III 254$j143235$B143235$CSeMilBibl$Z2$F154685 $8B 941 1 $a3 961 $aLascito: Colombo Card. Giovanni 996 $6245$aAu seuil du christianisme :$bPlaton, s. Augustin, Pascal, Newman, Blondel$9(OLS)http://semarc/title/277701 996 $6260$aParis :$bÉditions Universitaires$9(OLS)http://semarc/publisher/32852 996 $6260$aBruxelles :$bLumen Vitae$9(OLS)http://semarc/publisher/29943 LEADER 00827nam a2200241 i 4500 001 000000069066 003 CaOOAMICUS 005 20240405153503.0 008 080709n it u000 u ita u 013 $a40238 040 $aSeMil$bita 245 10$aVolume primo. 300 $aXXXIV, 1259 p., [6] c. di tav., [2] c. di tav. ripiegate. 490 0 $aI millenni 500 $aFondo Ciprandi. 773 0 $aIbsen, Henrik <1828-1906>$tDrammi.$b3. edizione.$dTorino : Giulio Einaudi, copyr. 1959.$kMillenni$w()19781 830 2$aI millenni.$0(OLS)http://semarc/title/7877 850 $aSeMil 852 $aSeMil$W1$xVenegono$y1$m1W IV 165$j35219$B35219$CSeMilBibl$Z2$F35222 $81 941 1 $a1 961 $aOmaggio: Ciprandi dott. Paolo 996 $6245$aVolume primo$9(OLS)http://semarc/title/17661